Control de la erosión fluvial en puentes
Guardat en:
| Autor corporatiu: | |
|---|---|
| Format: | Llibre |
| Idioma: | espanyol |
| Publicat: |
Madrid
MOPT
1984
|
| Edició: | 2a. ed |
| Matèries: | |
| Etiquetes: |
Afegir etiqueta
Sense etiquetes, Sigues el primer a etiquetar aquest registre!
|
MARC
| LEADER | 00000nam a2200000 a 4500 | ||
|---|---|---|---|
| 001 | UCV5950 | ||
| 003 | CL-VaPUC | ||
| 008 | 921019e19840000SP |||||||||||||||||spa|d | ||
| 082 | 0 | 4 | |a 628.28 |b MIN |2 21 |
| 110 | 2 | |a Ministerio de Obras Públicas y Transporte |e author |9 300185 | |
| 245 | 1 | 0 | |a Control de la erosión fluvial en puentes |
| 250 | |a 2a. ed | ||
| 300 | |a 69 p | ||
| 942 | |c BK | ||
| 945 | |d 19921019 00:00:00 | ||
| 260 | |a Madrid |b MOPT |c 1984 | ||
| 650 | 7 | |a SOCAVACION EN PUENTES |2 CL-VaPUC |9 262847 | |
| 650 | 7 | |a PUENTES CIMIENTOS Y PILAS |2 CL-VaPUC |9 262848 | |
| 583 | |a last modification |c 19921019 00:00:00 |k Rodrigo Vera | ||
| 999 | |c 212235 |d 212233 | ||